| 000 | 01046nam a2200277Ia 4500 | ||
|---|---|---|---|
| 003 | OSt | ||
| 005 | 20220923211554.0 | ||
| 006 | a|||||r|||| 00| 0 | ||
| 007 | ta | ||
| 008 | 220922b |||||||| |||| 00| 0 san d | ||
| 020 |
_a9789385539022 (pbk) _c150 |
||
| 024 | _a327,316 | ||
| 037 |
_b508/1, 24/01/2018, Vidyanidhi Prakashan _cTextual |
||
| 040 |
_aARTS _cARTS _bsan |
||
| 041 |
_2san _asan |
||
| 082 | _aV2:72, 152Q8 | ||
| 100 |
_aवासिष्ठ, रवीन्द्र कुमार, ले. _9160811 |
||
| 245 | 0 | _aअभिलेख-प्रवेशिका | |
| 246 | _aAbhilekha-praveshikā | ||
| 260 |
_aदिल्ली _b विद्यानिधि प्रकाशन _c2018 |
||
| 300 |
_a143पृ0 _ccm. |
||
| 650 |
_a अभिलेख _9156320 |
||
| 650 |
_aभारत-इतिहास _9156353 |
||
| 942 |
_hV2:72, 152Q8 _cTEXL _2CC |
||
| 999 |
_c300880 _d300880 |
||